000 00694nam a2200217 a 4500
001 000013082
005 20241021092515.0
008 091120s2006 dr 000 j spa d
020 _a994516015X
040 _aDO-SdBNP
_bspa
_cBNPHU
082 _aRD863.44
_bS684si
100 1 _aSolano, Miguel,
_91543
245 1 0 _aSinfonía del águila /
_cMiguel Solano.
260 _aSanto Domingo :
_bEdiciones AQI,
_c2006.
300 _a105 p. ;
_c22 cm.
500 _aIncluye datos biográficos del autor en la solapa de la cubierta
590 _aInventariado, 2019/VM
650 0 _aCuentos dominicanos
_9176
650 0 _aLiteratura dominicana.
_967
910 _aValidado. Control de calidad MMOLINA
999 _c12724
_d12724